000 01290nam a22003617a 4500
003 CHAP
005 20220329133548.0
008 971013s1994 r 00010 d
010 _a7894
011 _a8866
035 _a8098
040 _cCHAP
090 _aTesis
100 0 0 _aRivera Ulloa, Nessi Jezreel.
_997760
245 _aEstudio hidrológico de la cuenca del rio Tonalá; caracterización física y análisis estadístico de las precipitaciones máximas
260 _aChapingo, Méx. :
_bEl autor,
_c1994
300 _a203 p.
_b: ilus. ; gráfs.
502 _aTesis (Ing. Agr. Esp. en Irrigación) -- UACH. Departamento de Irrigación
590 _aALEPH
_b10
_c20130110
_lUCH01
_h1220
590 _aBATCH-UPD
_b10
_c20130110
_lUCH01
_h0033
590 _aBATCH-UPD
_b10
_c20130110
_lUCH01
_h0912
590 _aBATCH-UPD
_b10
_c20130409
_lUCH01
_h2016
590 _aBATCH-UPD
_b10
_c20130410
_lUCH01
_h0537
590 _aBATCH-UPD
_b10
_c20130914
_lUCH01
_h1111
590 _aCONVERSION
_b10
_c20130109
_lUCH01
_h1305
650 1 4 _aCuenca del Río Tonalá.
_930056
650 1 4 _aHidrología.
_955257
650 1 4 _aLluvia
_xMedición.
_967325
710 0 _aUACH. Departamento de Irrigación.
_9115874
901 _aBK
942 _cTESIS
949 _bBC
_cTES
_d-18229
_eTS1
_h26454
_i8098
_si
999 _c7894
_d7894